AH International Schools' Libraries

On your marks, get set gold!: (Record no. 47964)

MARC details
000 -LEADER
fixed length control field 00418nam a2200121 4500
020 ## - INTERNATIONAL STANDARD BOOK NUMBER
International Standard Book Number 9781788007276
100 ## - MAIN ENTRY--PERSONAL NAME
Personal name Allen, Scott
9 (RLIN) 85770
245 ## - TITLE STATEMENT
Title On your marks, get set gold!:
Remainder of title a fact-filled, funny guide to every olympic sport /
Statement of responsibility, etc Scott Allen & Antoine Corbineau
260 ## - PUBLICATION, DISTRIBUTION, ETC. (IMPRINT)
Place of publication, distribution, etc London
Name of publisher, distributor, etc NosyCrow
Date of publication, distribution, etc 2020
300 ## - PHYSICAL DESCRIPTION
Extent 96 p.
Other physical details col. ill.
Dimensions 29 cm.
650 ## - SUBJECT ADDED ENTRY--TOPICAL TERM
Topical term or geographic name as entry element Olympic sports
Form subdivision Juvenile Literature
9 (RLIN) 85771
942 ## - ADDED ENTRY ELEMENTS (KOHA)
Source of classification or shelving scheme
Koha item type Book
Holdings
Withdrawn status Lost status Source of classification or shelving scheme Damaged status Not for loan Collection code Home library Current library Shelving location Date acquired Total Checkouts Full call number Barcode Date last seen Price effective from Koha item type
          TEACHERS' RESOURCES Asian Hope Primary Library Asian Hope Primary Library Non Fiction 11/26/2024   796.48 ALL 207137 11/26/2024 11/26/2024 Book

For any Logos Library related questions please contact Miss Art at swongnarasuk@asianhope.org.

For any Asian Hope Library related questions please contact Miss Raza at graza@asianhope.org.

Powered by Koha